Small scale regeneration projects can have long-term social impacts. (Record no. 73564)
[ view plain ]
| 000 -LEADER | |
|---|---|
| fixed length control field | 01058cam a2200205 4500 |
| 001 - CONTROL NUMBER | |
| control field | WB3938-19 |
| 008 - FIXED-LENGTH DATA ELEMENTS--GENERAL INFORMATION | |
| fixed length control field | 031008n2003 000 0 eng u |
| 035 ## - SYSTEM CONTROL NUMBER | |
| System control number | (Sirsi) u123861 |
| 245 ## - TITLE STATEMENT | |
| Title | Small scale regeneration projects can have long-term social impacts. |
| 260 ## - PUBLICATION, DISTRIBUTION, ETC. | |
| Date of publication, distribution, etc. | 2003 |
| 490 ## - SERIES STATEMENT | |
| Series statement | Planning (for the Natural and Built Environment) |
| Volume/sequential designation | 3 October 2003, 5(1) |
| 520 ## - SUMMARY, ETC. | |
| Summary, etc. | Barclays Sitesavers, a joint environmental programme between Barclays Bank and the charity Groundwork, has published a report on its research on 60 Sitesavers projects dating from 1996 and concludes that these projects have made a difference to the local environment. In addition to improving the physical appearance of the project sites, the report concludes that the projects had wider benefits in areas such as education and training. |
| 590 ## - LOCAL NOTE (RLIN) | |
| Local note | WB |
| 650 ## - SUBJECT ADDED ENTRY--TOPICAL TERM | |
| Topical term or geographic name entry element | BARCLAYS SITESAVERS |
| 650 ## - SUBJECT ADDED ENTRY--TOPICAL TERM | |
| Topical term or geographic name entry element | GROUNDWORK |
| 650 ## - SUBJECT ADDED ENTRY--TOPICAL TERM | |
| Topical term or geographic name entry element | REGENERATION |
| 690 ## - LOCAL SUBJECT ADDED ENTRY--TOPICAL TERM (OCLC, RLIN) | |
| Topical term or geographic name as entry element | REGENERATION |
| 856 ## - ELECTRONIC LOCATION AND ACCESS | |
| Uniform Resource Identifier | <a href="https://www.barclays-sitesavers.org.uk/latest-news/press-release-0309.html">https://www.barclays-sitesavers.org.uk/latest-news/press-release-0309.html</a> |
| 942 ## - ADDED ENTRY ELEMENTS (KOHA) | |
| Suppress in OPAC | 0 |
| Withdrawn status | Lost status | Source of classification or shelving scheme | Damaged status | Not for loan | Home library | Current library | Shelving location | Date acquired | Total Checkouts | Full call number | Barcode | Date last seen | Copy number | Price effective from | Koha item type |
|---|---|---|---|---|---|---|---|---|---|---|---|---|---|---|---|
| Dewey Decimal Classification | London | London | News article | 08/10/2003 | WB3938-19 | 123861-1001 | 06/08/2019 | 1 | 06/08/2019 | News article |